An illustrated inventory of famous dismembered works of art: European painting : (Record no. 16295)
[ view plain ]
| 000 -LEADER | |
|---|---|
| fixed length control field | 00889nam a2200277 4500 |
| 001 - CONTROL NUMBER | |
| control field | 16295 |
| 003 - CONTROL NUMBER IDENTIFIER | |
| rucl marc code | BD-RjUL |
| 005 - DATE AND TIME OF LATEST TRANSACTION | |
| control field | 20211209000006.0 |
| 008 - FIXED-LENGTH DATA ELEMENTS--GENERAL INFORMATION | |
| fixed length control field | 140213s1974 fr a b 000 0 eng |
| 020 ## - INTERNATIONAL STANDARD BOOK NUMBER | |
| International Standard Book Number | 9231010409 |
| International Standard Book Number | 9231010395 (pbk.) |
| 035 ## - SYSTEM CONTROL NUMBER | |
| System control number | (BD-RjUL)16350 |
| 040 ## - CATALOGING SOURCE | |
| Original cataloging agency | DLC |
| Transcribing agency | DLC |
| Modifying agency | DLC |
| -- | BD-RjUL |
| Language of cataloging | eng |
| 041 ## - LANGUAGE CODE | |
| Language code of text/sound track or separate title | eng |
| 082 00 - DEWEY DECIMAL CLASSIFICATION NUMBER | |
| Classification number | 759.94 |
| Author mark and year | UNI 1974 |
| 110 2# - MAIN ENTRY--CORPORATE NAME | |
| Corporate name or jurisdiction name as entry element | Unesco. |
| 9 (RLIN) | 50395 |
| 245 13 - TITLE STATEMENT | |
| Title | An illustrated inventory of famous dismembered works of art: European painting : |
| Remainder of title | with a section on dismembered tombs in France / |
| 260 ## - PUBLICATION, DISTRIBUTION, ETC. (IMPRINT) | |
| Place of publication, distribution, etc. | Paris, |
| Date of publication, distribution, etc. | 1974. |
| 300 ## - PHYSICAL DESCRIPTION | |
| Pagination | 221 p. : |
| Illustrations | ill. ; |
| Size | 30 cm. |
| 504 ## - BIBLIOGRAPHY, ETC. NOTE | |
| Bibliography, etc | Includes bibliographical references. |
| 650 #0 - SUBJECT ADDED ENTRY--TOPICAL TERM | |
| Topical term or geographic name as entry element | Painting |
| General subdivision | Mutilation, defacement, etc. |
| Geographic subdivision | Europe. |
| 9 (RLIN) | 50384 |
| Topical term or geographic name as entry element | Sculpture |
| General subdivision | Mutilation, defacement, etc. |
| Geographic subdivision | France. |
| 9 (RLIN) | 50385 |
| 942 ## - ADDED ENTRY ELEMENTS (KOHA) | |
| Source of classification or shelving scheme | Dewey Decimal Classification |
| Koha item type | Books |
| Lost status | Source of classification or shelving scheme | Damaged status | Not for loan | Collection code | Permanent Location | Current Location | Shelving location | Date acquired | Source of acquisition | Total Checkouts | Full call number | Date last seen | Copy number | Koha item type |
|---|---|---|---|---|---|---|---|---|---|---|---|---|---|---|
| Dewey Decimal Classification | Non-fiction | Central Library, University of Rajshahi | Central Library, University of Rajshahi | 30/08/1982 | Unisco | 759.94 UNI 1974 | 13/02/2014 | C-3 | Books |